书目信息 |
| 题名: |
第六届全国换热器学术会议论文集
|
|
| 作者: | ;中国机械工程学会 , 合肥通用机械研究院公司 编 | |
| 分册: | ||
| 出版信息: | 合肥 中国科学技术大学出版社 2021.05 |
|
| 页数: | 353页 | |
| 开本: | 29cm | |
| 丛书名: | ||
| 单 册: | ||
| 中图分类: | TK172-53 | |
| 科图分类: | ||
| 主题词: | 换热器--huan re qi--学术会议--文集 | |
| 电子资源: | ||
| ISBN: | 978-7-312-05198-2 | |
| 000 | 01453nam0 2200265 450 | |
| 001 | 202021192351 | |
| 005 | 20211025120136.0 | |
| 010 | @a978-7-312-05198-2@dCNY188.00 | |
| 100 | @a20210922d2021 em y0chiy50 ea | |
| 101 | 0 | @achi@aeng |
| 102 | @aCN@b340000 | |
| 105 | @aa a 000yy | |
| 106 | @ar | |
| 200 | 1 | @a第六届全国换热器学术会议论文集@Adi liu jie quan guo huan re qi xue shu hui yi lun wen ji@d= Collected papers of the 6th national academic conference on heat exchangers@f中国机械工程学会压力容器学会, 合肥通用机械研究院有限公司编@zeng |
| 210 | @a合肥@c中国科学技术大学出版社@d2021.05 | |
| 215 | @a353页@c图@d29cm | |
| 320 | @a有书目 | |
| 330 | @a本书内容涵盖了近年来有关单位在热交换器相关产品的结构与热力设计、传热数值预测、传热与流动试验、制造与检验、材料与失效分析、能效与标准评价及运营维护等方面的总结, 在突出热交换器传统研究范式的同时初步融合了软件与互联网技术、灰关联分析技术等交叉性学科特色, 较为系统地反映了当前我国热交换器研究与应用实践的面貌, 相关成果和经验可以为行业提供有益借鉴。 | |
| 510 | 1 | @aCollected papers of the 6th national academic conference on heat exchangers@zeng |
| 606 | 0 | @a换热器@Ahuan re qi@x学术会议@j文集 |
| 690 | @aTK172-53@v5 | |
| 711 | 02 | @a中国机械工程学会@Azhong guo ji xie gong cheng xue hui@b压力容器学会@Bya li rong qi xue hui@4编 |
| 711 | 02 | @a合肥通用机械研究院公司@Ahe fei tong yong ji xie yan jiu yuan gong si@4编 |
| 801 | 0 | @aCN@c20210909 |
| 905 | @a河南城建学院图书馆@dTK172-53@eZ566 | |
| 第六届全国换热器学术会议论文集= Collected papers of the 6th national academic conference on heat exchangers/中国机械工程学会压力容器学会, 合肥通用机械研究院有限公司编.-合肥:中国科学技术大学出版社,2021.05 |
| 353页:图;29cm |
| ISBN 978-7-312-05198-2:CNY188.00 |
| 本书内容涵盖了近年来有关单位在热交换器相关产品的结构与热力设计、传热数值预测、传热与流动试验、制造与检验、材料与失效分析、能效与标准评价及运营维护等方面的总结, 在突出热交换器传统研究范式的同时初步融合了软件与互联网技术、灰关联分析技术等交叉性学科特色, 较为系统地反映了当前我国热交换器研究与应用实践的面貌, 相关成果和经验可以为行业提供有益借鉴。 |
| ● |
| 相关链接 |
|
|
|
正题名:第六届全国换热器学术会议论文集
索取号:TK172-53/Z566
 
预约/预借
| 序号 | 登录号 | 条形码 | 馆藏地/架位号 | 状态 | 备注 |
| 1 | 1541434 | 215414344 | 自科库501/501自科库 136排3列2层/ [索取号:TK172-53/Z566] | 在馆 |